Normal view
MARC view
- CELLULAR RADIO-MARKETING WIRELESS COMMUNICATION
Entry Topical Term
001 - CONTROL NUMBER
- control field: 78389
003 - CONTROL NUMBER IDENTIFIER
- control field: NUST
005 - DATE AND TIME OF LATEST TRANSACTION
- control field: 20210628210157.0
008 - FIXED-LENGTH DATA ELEMENTS
- fixed length control field: 210628|| aca||aabn | a|a d
040 ## - CATALOGING SOURCE
- Original cataloging agency: NUST
- Transcribing agency: NUST
150 ## - HEADING--TOPICAL TERM
- Topical term or geographic name entry element: CELLULAR RADIO-MARKETING WIRELESS COMMUNICATION
670 ## - SOURCE DATA FOUND
- Source citation: Work cat.: (NUST): Garrard, Garry.A 78388, Cellular communications worldwide market development, 1998
